Stranger Things Characters - Statistics

General Stats
  • This quiz has been taken 315 times
  • The average score is 17 of 18
Answer Stats
Hint Answer % Correct
Girl who has telekinetic powers Eleven
100%
Boy who is captured and taken to the Upside-Down Will
99%
Girl who moves to Hawkins and breaks all of the video game records Max
98%
Boy who keeps (above) in his basement Mike
98%
Boy who has Cleidocranial Dysplasia Dustin
97%
Chief of Police in Hawkins and gets a search party for (above's son) Hopper
97%
Scared single mom who tries to look for her son Joyce
97%
Boy who spies on Hawkins Lab looking for (above) Lucas
96%
Shy high schooler who likes photography and sees the Demogorgon catch Barb Jonathan
95%
Another high schooler who was great friends with (above) Nancy
95%
High schooler who worked with Steve at Scoops Ahoy Robin
95%
High schooler who dies unexpectedly at Steve's party Barb
94%
Joyce's new boyfriend who dies from demodogs and was the manager at Radio Shack Bob
94%
Lucas's sister who helps Steve, (above) and Dustin crack the Russian's code Erica
94%
High schooler who justs moves to Hawkins and becomes the "cool guy" Billy
93%
High schooler who becomes great friends with the boy who's pet is Dart Steve
93%
Russian scientist who likes cherry slurpies Alexei
84%
Worker for Hawkins Lab who uses Eleven as a test subject Brenner
80%
No matching quizzes found
Score Distribution
Percent of People with Each Score
Percentile by Number Answered
Your Score History
You have not taken this quiz